00170nam a22000857a 4500040000700000082000800007100001500015245001400030260004000044 cHS a428 aJOHN SYDES aTech Talk aOxford universitybJOHN SYDESc2010